000 00674nam a2200193Ii 4500
003 JO-AjNU
008 230605s9999||||xx |||||||||||||| ||und||
040 _aJO-AjNU
_bara
_erda
_cJO-AjNU
041 _aara
050 1 4 _aKRM1024.B3762.2008
100 3 _a بريري، محمود مختار أحمد ,
_eauthor
_932493
245 0 0 _aقانون المعاملات التجارية : الإفلاس
264 3 1 _aالقاهرة : دار النهضة العربية ، 2008
300 _a214ص
336 _atext
_btxt
_2rdacontent
337 _aunmediated
_bn
_2rdamedia
338 _avolume
_bnc
_2rdacarrier
650 4 _a القانون التجاري -- مصر
_932494
999 _aA13124
_c16692
_d16692